Hladina krve /
Dvojčata Adam a Ondra jdou ke kamarádovi, ale ani jeden tam nedojde. Adam je nalezen mrtvý, Ondra se pohřešuje - a není jediný pohřešovaný. Kapitán Filip Bauer bude mít co dělat, aby se popral se zapeklitým vyšetřováním i s vlastní minulostí.
Uloženo v:
| Série: | Liberecká kriminálka,
část 1 |
|---|---|
| Hlavní autor: | |
| Médium: | E-kniha |
| Jazyk: | Czech |
| Vydáno: |
V Praze :
Motto,
2025
|
| Vydání: | 1. vydání |
| Témata: | |
| Příbuzné jednotky: | Z cyklu::
Liberecká kriminálka |
| Tagy: |
Žádné tagy |
| LEADER | 02505nam a2200433 i 4500 | ||
|---|---|---|---|
| 001 | 312792 | ||
| 003 | CZ PrSKC | ||
| 005 | 20260601215729.0 | ||
| 007 | ta | ||
| 008 | 250828s2025 xr g 000 f cze | ||
| 015 | |a cnb003705268 | ||
| 020 | |a 9788026729082 |q (brožováno) : |c Kč 399,00 | ||
| 035 | |a (OCoLC)1549632771 | ||
| 040 | |a ABG001 |b cze |e rda | ||
| 072 | 7 | |a 821.162.3-3 |x Česká próza |2 Konspekt | |
| 080 | |a 821.162.3-31 |2 MRF | ||
| 080 | |a (0:82-312.4) |2 MRF | ||
| 100 | 1 | |a Brykner, Eva, |d 1988- |7 xx0305813 |4 aut | |
| 245 | 1 | 0 | |a Hladina krve / |c Eva Brykner |
| 250 | |a 1. vydání | ||
| 264 | 1 | |a V Praze : |b Motto, |c 2025 | |
| 300 | |a 277 stran ; |c 20 cm | ||
| 336 | |a text |b txt |2 rdacontent | ||
| 337 | |a bez média |b n |2 rdamedia | ||
| 338 | |a svazek |b nc |2 rdacarrier | ||
| 520 | 2 | |a Dvojčata Adam a Ondra jdou ke kamarádovi, ale ani jeden tam nedojde. Adam je nalezen mrtvý, Ondra se pohřešuje - a není jediný pohřešovaný. Kapitán Filip Bauer bude mít co dělat, aby se popral se zapeklitým vyšetřováním i s vlastní minulostí. |b Městečkem v Jizerských horách otřese hrůzný nález. Ve studni je objeveno tělo třináctiletého Adama. Když se navíc po jeho dvojčeti Ondrovi slehne zem, jejich matce se zhroutí celý svět. Tím ale tragédie nekončí. Nedaleko se pohřešuje další chlapec a podobný příběh se opakuje. Kapitán Filip Bauer z liberecké kriminálky bojuje s vlastní minulostí a vrhá se do vyšetřování, při němž objeví něco hodně temného. Pravdu, která zločinu dodává ještě děsivější rozměr. Nakladatelská anotace. | |
| 655 | 7 | |a české romány |7 fd133974 |2 czenas | |
| 655 | 7 | |a detektivní romány |7 fd132010 |2 czenas | |
| 655 | 7 | |a thrillery (romány) |7 fd184206 |2 czenas | |
| 655 | 9 | |a Czech fiction |2 eczenas | |
| 655 | 9 | |a detective novels |2 eczenas | |
| 655 | 9 | |a thrillers (novels) |2 eczenas | |
| 787 | 0 | 8 | |i Z cyklu: |t Liberecká kriminálka |g 1 |w (CZ-CtDS)cb97b6c1-3af1-5ec4-8a04-85186f8d66a8 |
| 900 | |a ABA001 |b 19 | ||
| 928 | 9 | |a Albatros Media - Motto | |
| 044 | |a xr | ||
| 910 | |a RBIT002 | ||
| 998 | |d 421986 |a https://core.palmknihy.cz/api/books/421986/cover?t1hagl |b https://core.palmknihy.cz/api/books/421986/cover/400?t1hagl |c https://core.palmknihy.cz/api/books/421986/cover/50?t1hagl |e 2035-12-31 |g 288 |i 9788026729082 |j https://core.palmknihy.cz/api/books/421986/preview.epub |k https://core.palmknihy.cz/api/books/421986/preview.pdf |l |q 49 |r 1 |s https://www.palmknihy.cz/kniha/421986 |t ebook |y 2025 |z 0 | ||
| 999 | |d 312790 | ||